000 00571nam a2200193 4500
001 122925
003 ES-MaACL
005 20250811070647.0
007 t|
008 070214s1966 sp r ||||0| spa d
245 0 0 _aPromoción del turismo.
260 _aMadrid :
_bSubsecretaría de Turismo,
_c1966.
300 _a172 p ;
_c16 cm.
710 1 0 _aEspaña.
_bMinisterio de Información y Turismo
_93886
852 _aES-MaACL
_jE-2550
_bR.63864
852 _aES-MaACL
_jC-36135
_bR.65027
852 _aES-MaACL
_jC-36134
_bR.66902
999 _c122925
_d122925